000 00642nam a22002177a 4500
003 UA-OsUOA
001 81879
007 ta
008 20120209b un ||||| |||| 00| 0 ukr d
090 _a821.161.1
_bГ65
942 _cBK
040 _aUA-OsUOA
_brus
_cUA-OsUOA
_dUA-OsUOA
245 _aГон спозаранку
_bрассказы американских писателей о молодежи
300 _a288 с.
955 _a3
041 _arus
080 _a821.161.1
260 _aМ.
_bМолодая гвардия
_c1975
650 7 _a82 Література. Літературознавство
_2UDC
999 _c368139
_d368139